Culture Générale - Série 505 - Statistiques

Statistiques générales
  • Ce quiz a été pris 266 fois
  • Le résultat moyen est 8 sur 10
Statistiques - réponses
Question Réponse % Correct
Dans quelle ville des Etats-Unis pouvez-vous aller au théâtre à Broadway ? New York
95%
Dans quelle mer la Seine se jette-t-elle ? Manche
89%
En 1967, quel pays lance le sous-marin Le Redoutable ? France
88%
Dans quelle mer peut-on se baigner en Roumanie ? mer Noire
80%
Face à quoi Calogero et Passi se trouvent-ils selon le titre de leur chanson de 2004 ? La mer
79%
Dans quelle ville Pierre de Coubertin institue-t-il, en 1896, les premiers jeux Olympiques de l'ère moderne ? Athènes
78%
Dans une chanson de 2002, qui affirme être Mister Renard ? Renaud
77%
Dans quelle mer se jette le fleuve Mékong ? mer de Chine
63%
Dans quelle ville du Nord Kad Merad est-il muté dans le film "Bienvenue chez les Ch'tis" ? Bergues
57%
Dans quel film Serge Benamou, incarné par José Garcia, s'écrie-t-il : "Champion du monde" ? La vérité si je mens
51%
Aucun quiz correspondant
Distribution des résultats
% des personnes avec chaque résultat
Percentile par nombre de réponses
Votre historique - résultats
Vous n’avez pas pris ce quiz